000 00671nam a2200241 i 4500
001 98837
003 ES-MaACL
005 20230906182406.0
007 t|
008 051027s2002 sp ||||1| spa d
020 _a84-7490-658-X
080 _a001:1
080 _a202
100 1 _aPérez de Laborda, Alfonso.
_990787
245 1 0 _aFilosofía de la ciencia :
_buna introducción /
_cAlfonso Pérez de Laborda.
260 _aMadrid :
_bEncuentro,
_c[2002]
300 _a150 p. ;
_c23 cm.
490 1 _aEnsayos ;
_v202
650 4 _aCiencia-
_xFilosofía.
_910950
830 1 _aEnsayos ;
_v202
_9176633
852 4 _aES-MaACL
_jL-29253
999 _c98837
_d98837